00446 2200157 4500245006800000020002200068250001000090700002500100650002000125650001000145005001900155260006500174041001400239084001100253300002400264 aPEDOMAN FESTIVAL MUSIKALISASI PUISIcTim Penyusun PedomanhText a978-602-437-486-0 aCet.1 aDr. Tengku Syarfina, aKompetisi Musik aEbook a20241105093300 aJakarta TimurbBadan Pengembangan dan Pembinaan Bahasac2018 aIndonesia a780.79 ax, 27 hlm :c26 cm.